<?xml version="1.0" encoding="UTF-8"?>
<collection xmlns="http://www.loc.gov/MARC21/slim">
<record>
  <controlfield tag="001">168721</controlfield>
  <controlfield tag="005">20260217214838.0</controlfield>
  <datafield tag="024" ind1="8" ind2=" ">
    <subfield code="2">sideral</subfield>
    <subfield code="a">56379</subfield>
  </datafield>
  <datafield tag="037" ind1=" " ind2=" ">
    <subfield code="a">ART-2005-56379</subfield>
  </datafield>
  <datafield tag="041" ind1=" " ind2=" ">
    <subfield code="a">eng</subfield>
  </datafield>
  <datafield tag="100" ind1=" " ind2=" ">
    <subfield code="a">Bolano, Tamara</subfield>
    <subfield code="0">(orcid)0000-0001-8977-6734</subfield>
  </datafield>
  <datafield tag="245" ind1=" " ind2=" ">
    <subfield code="a">Hydride-alkenylcarbyne to alkenylcarbene transformation in  bisphosphine-osmium complexes</subfield>
  </datafield>
  <datafield tag="260" ind1=" " ind2=" ">
    <subfield code="c">2005</subfield>
  </datafield>
  <datafield tag="520" ind1="3" ind2=" ">
    <subfield code="a">The elongated dihydrogen complex  (1) reacts with 1,1-diphenyl-2-propyn-1-ol and 2-methyl-3-butyn-2-ol to give the hydride-hydroxyvinylidene-π-alkynol derivatives [OsH{CCHC(OH)R2}{η2-HC⋮CC(OH)R2}(PiPr3)2]BF4 (R = Ph (2), Me (3)), where the π-alkynols act as four-electron donor ligands. Treatment of 2 and 3 with HBF4 and coordinating solvents leads to the dicationic hydride-alkenylcarbyne compounds [OsH(⋮CCHCR2)S2(PiPr3)2][BF4]2 (R = Ph, S = H2O (4), CH3CN (5); R = Me, S = CH3CN (6)), which in acetonitrile evolve into the alkenylcarbene complexes [Os(CHCHCR2)(CH3CN)3(PiPr3)2][BF4]2 (R = Ph (7), Me (8)) by means of a concerted 1,2-hydrogen shift from the osmium to the carbyne carbon atom. Treatment of 2-propanol solutions of 5 with NaCl affords OsHCl2(⋮CCHCPh2)(PiPr3)2 (10), which reacts with AgBF4 and acetonitrile to give [OsHCl(⋮CCHCPh2)(CH3CN)(PiPr3)2]BF4 (11). In this solvent complex 11 is converted to [OsCl(CHCHCPh2)(CH3CN)2(PiPr3)2]BF4 (12). Complex 5 reacts with CO to give [Os(CHCHCPh2)(CO)(CH3CN)2(PiPr3)2][BF4]2 (15). DFT calculations and kinetic studies for the hydride-alkenylcarbyne to alkenylcarbene transformation show that the difference of energy between the starting compounds and the transition states, which can be described as η2-carbene species  increases with the basicity of the metallic center. The X-ray structures of 4 and 7 and the rotational barriers for the carbene ligands of 7, 8, and 12 are also reported.</subfield>
  </datafield>
  <datafield tag="540" ind1=" " ind2=" ">
    <subfield code="9">info:eu-repo/semantics/closedAccess</subfield>
    <subfield code="a">All rights reserved</subfield>
    <subfield code="u">http://www.europeana.eu/rights/rr-f/</subfield>
  </datafield>
  <datafield tag="590" ind1=" " ind2=" ">
    <subfield code="a">7.419</subfield>
    <subfield code="b">2005</subfield>
  </datafield>
  <datafield tag="591" ind1=" " ind2=" ">
    <subfield code="a">CHEMISTRY, MULTIDISCIPLINARY</subfield>
    <subfield code="b">6 / 123 = 0.049</subfield>
    <subfield code="c">2005</subfield>
    <subfield code="d">Q1</subfield>
    <subfield code="e">T1</subfield>
  </datafield>
  <datafield tag="655" ind1=" " ind2="4">
    <subfield code="a">info:eu-repo/semantics/article</subfield>
    <subfield code="v">info:eu-repo/semantics/publishedVersion</subfield>
  </datafield>
  <datafield tag="700" ind1=" " ind2=" ">
    <subfield code="a">Castarlenas, Ricardo</subfield>
    <subfield code="0">(orcid)0000-0003-4460-8678</subfield>
  </datafield>
  <datafield tag="700" ind1=" " ind2=" ">
    <subfield code="a">Esteruelas, Miguel A.</subfield>
    <subfield code="u">Universidad de Zaragoza</subfield>
    <subfield code="0">(orcid)0000-0002-4829-7590</subfield>
  </datafield>
  <datafield tag="700" ind1=" " ind2=" ">
    <subfield code="a">Modrego, F. Javier</subfield>
    <subfield code="u">Universidad de Zaragoza</subfield>
    <subfield code="0">(orcid)0000-0002-9633-3285</subfield>
  </datafield>
  <datafield tag="700" ind1=" " ind2=" ">
    <subfield code="a">Oñate, Enrique</subfield>
    <subfield code="u">Universidad de Zaragoza</subfield>
    <subfield code="0">(orcid)0000-0003-2094-719X</subfield>
  </datafield>
  <datafield tag="710" ind1="2" ind2=" ">
    <subfield code="1">2010</subfield>
    <subfield code="2">760</subfield>
    <subfield code="a">Universidad de Zaragoza</subfield>
    <subfield code="b">Dpto. Química Inorgánica</subfield>
    <subfield code="c">Área Química Inorgánica</subfield>
  </datafield>
  <datafield tag="773" ind1=" " ind2=" ">
    <subfield code="g">127 (2005), 11184-11195</subfield>
    <subfield code="p">J. Am. Chem. Soc.</subfield>
    <subfield code="t">Journal of the American Chemical Society</subfield>
    <subfield code="x">0002-7863</subfield>
  </datafield>
  <datafield tag="856" ind1="4" ind2=" ">
    <subfield code="s">366212</subfield>
    <subfield code="u">http://zaguan.unizar.es/record/168721/files/texto_completo.pdf</subfield>
    <subfield code="y">Versión publicada</subfield>
  </datafield>
  <datafield tag="856" ind1="4" ind2=" ">
    <subfield code="s">2901163</subfield>
    <subfield code="u">http://zaguan.unizar.es/record/168721/files/texto_completo.jpg?subformat=icon</subfield>
    <subfield code="x">icon</subfield>
    <subfield code="y">Versión publicada</subfield>
  </datafield>
  <datafield tag="909" ind1="C" ind2="O">
    <subfield code="o">oai:zaguan.unizar.es:168721</subfield>
    <subfield code="p">articulos</subfield>
    <subfield code="p">driver</subfield>
  </datafield>
  <datafield tag="951" ind1=" " ind2=" ">
    <subfield code="a">2026-02-17-20:14:13</subfield>
  </datafield>
  <datafield tag="980" ind1=" " ind2=" ">
    <subfield code="a">ARTICLE</subfield>
  </datafield>
</record>
</collection>